| 000 | 01154nam a2200277 a 4500 | ||
|---|---|---|---|
| 001 | 000024553 | ||
| 005 | 20200930023232.0 | ||
| 008 | 110131s1979 mx a r 001 0 spa d | ||
| 040 |
_aDO-SdBNP _bspa _cBNPHU |
||
| 082 |
_axxxxx _bR658f |
||
| 100 | 1 |
_aRobinson, Roland I. _950328 |
|
| 245 | 1 | 0 |
_aFinanciamiento de la dinámica empresa pequeña : _bproblemas de promoción, subsistencia y crecimiento / _cRoland I. Robinson ; edición J. Fred Weston , Allan Meltzer ; traducción Víctor Paniagua Bravo , Castulo A. Rosales. |
| 250 | _a1a reimp. | ||
| 260 |
_aMéxico, D. F. : _bcontables y administrativas, _c1979. |
||
| 300 |
_aix, 141 p. : _bil. ; _c22 cm. |
||
| 490 | 1 | _aWadsworth en finanzas | |
| 500 | _aIncluye índice alfabético. | ||
| 504 | _aIncluye referencias bibliográficas y notas al pie de las páginas. | ||
| 534 |
_pTítulo original en inglés: _tFinancing the dymanic small firm. |
||
| 700 | 1 |
_aWeston, J. Fred, _eed. _948686 |
|
| 700 | 1 |
_aMeltzer, Allan, _eed. _950329 |
|
| 700 | 1 |
_aPaniagua Bravo, Víctor, _etr. _950330 |
|
| 700 | 1 |
_aRosales, Castulo A., _etr. _950331 |
|
| 830 | 0 |
_aWadsworth en finanzas _950332 |
|
| 049 | _aBNGR | ||
| 999 |
_c24046 _d24046 |
||